| 000 | 01348nam0a22003251 4500 | ||
|---|---|---|---|
| 001 | rc\4007676 | ||
| 005 | 20130415125353.7 | ||
| 021 |
_aRU _b[48-4679] |
||
| 035 | _a(NLR Aleph) 008077433 | ||
| 090 |
_a9101692 _c9101692 |
||
| 100 | _a20130415d1948 |||y0rusy50 ca | ||
| 101 | 0 | _afre | |
| 102 | _aRU | ||
| 105 | _ay e ||||| | ||
| 200 | 1 |
_aГаврош _e[Отрывок из романа "Отверженные"] _eС постатейным словарем, лекс. и граммат. пояснениями _fОбработка Л. Милициной |
|
| 210 |
_aМосква _cИзд-во лит. на иностр. яз. _d1948 _gТип. "Искра революции" |
||
| 215 |
_a44 с. _d19 |
||
| 225 | 1 | _aSérie littéraire | |
| 300 | _aПеред загл. авт.: Виктор Гюго | ||
| 300 | _aНа обл.: Victor Hugo. Gavroche | ||
| 512 | 0 | _aGavroche | |
| 604 |
_150010$aОтверженные _1700#1$aГюго$bВ.$f1802-1885$gВиктор |
||
| 606 |
_aФранцузский язык _jКниги для самостоятельного чтения _2psbo |
||
| 700 | 1 |
_aГюго _bВ. _f1802-1885 _gВиктор |
|
| 702 | 1 |
_aМилицина _bЛ. П. _gЛюдмила Павловна _4570 |
|
| 801 | 0 |
_aRU _bNLR _gpsbo |
|
| 801 | 1 |
_aRU _bELAR _2rusmarc |
|
| 852 |
_aNLR _jЯ30 Г-4/84 |
||
| 942 | _cBOOK | ||
| 980 | _aNB | ||